| 000 | 00416nam a22001457a 4500 | ||
|---|---|---|---|
| 082 | _aP-461 | ||
| 100 |
_aFakhar Alam _948309 |
||
| 245 |
_aUnderstanding, identification and utilization of hill torrents of Pakistan _cFakhar Alam, Yasir Aziz |
||
| 260 |
_aRisalpur _bMCE _c2011 |
||
| 300 | _a82 p.: | ||
| 526 |
_a0 _b0 _c0 _dP_461 |
||
| 650 | _aProject | ||
| 700 |
_aDr Muhammad Jawed Iqbal _917029 |
||
| 942 |
_2ddc _cBK |
||
| 999 |
_c551297 _d551297 |
||